000
00212 a2200109 4500
020
_a
9780822537618
041
_a
eng
100
_a
Kristen L.Nelson
245
_a
The Lincoln memorial
942
_c
BK
952
_7
1
999
_c
18805
_d
18805